Demographic Policies from a Christian View Point /

Guardado en:
Detalles Bibliográficos
Autor principal: Biffi, Franco (autor)
Formato: Libro
Idioma:Inglés
Publicado: Roma, Italia : Herder, 1984
Temas:
Etiquetas: Agrega una etiqueta
Sin etiquetas, Sé el primero en etiquetar este registro!

MARC

LEADER 00000nam^a2200000^a^4500
001 000011233
005 20250521000000.0
009 20260310083736.396
037 |a Acervo ITESO - Biblioteca 
041 |a ING 
082 |a 304. 6  |b BIF 
100 |a Biffi, Franco  |e (autor) 
245 1 0 |a Demographic Policies from a Christian View Point /  |c F. Biffi. 
264 1 |a Roma, Italia :  |b Herder,  |c 1984 
300 |a 587 p. 
336 |a texto  |b txt  |2 rdacontenido 
337 |a sin mediación  |b n  |2 rdamedio 
338 |a volumen  |b nc  |2 rdasoporte 
649 |a XX 
650 |a Demografía 
650 |a Política Demográfica -  |x Historia y Crítica 
650 |a Cristianismo 
650 |a Bioética 
650 |a Universidades Católicas 
650 |a Sociología 
910 |a Fondo General 
920 |a Impresos - Libros 
930 |a Colección General 
905 |a 101 
901 |a 0112330100  |b IT1  |c ACC  |i 011233  |u 20250521 
902 |a https://opac.biblio.iteso.mx/vufind/Record/000011233